000 00602nam a2200217Ii 4500
003 JO-AjNU
008 230606s9999||||xx |||||||||||||| ||und||
020 _a978-007-126771-7
040 _aJO-AjNU
_beng
_erda
_cJO-AjNU
041 _aeng
050 1 4 _aQA76.9.C65.2010
100 3 _aKelton,Davide/Sadowski,Randall,
_eauthor
_9953
245 0 0 _aSimulation With Arena
250 _a5 ed
264 3 1 _aMC Graw Hill:BOSTON,2010
300 _a636p
336 _atext
_btxt
_2rdacontent
337 _aunmediated
_bn
_2rdamedia
338 _avolume
_bnc
_2rdacarrier
650 4 _aSimulation With Arena
_9954
999 _aE502
_c502
_d502